000 00498nam a2200169 a 4500
005 20140310183528.0
008 111001s19uu xx 00 eng d
020 _a9789713704061
050 _aZ 52.5.M52
_b.V834 2011
245 _aVisual guide to microsoft word 2010 /
_cJemma Development Group.
260 _aPhilippines :
_bJemma Information Technology,
_c2011.
300 _a143 p. :
_bill. ;
_c27 cm.
521 _aIT
650 _aMicrosoft word
942 _cBK
_2lcc
_kLOC
999 _c24561
_d24561